Hospodářské soustavy

Saved in:
Bibliographic Details
Main Author: Engliš, Karel
Format: Book
Language:Czech
Published: Praha Všehrd 1946
Subjects:
Tags: Add Tag
No Tags, Be the first to tag this record!

MARC

LEADER 00000nam a2200000 4500
001 c100613
005 20250526093236.2
041 0 |a cze 
044 |a CZ 
245 1 0 |a Hospodářské soustavy  |c Karel Engliš 
264 1 |a Praha  |b Všehrd  |c 1946 
300 |a 117 s. 
610 2 0 |a systémy ekonomické 
610 2 0 |a hospodárstvo národné 
610 2 0 |a hospodárstvo kapitalistické 
610 2 0 |a hospodárstvo socialistické 
610 2 0 |a trh devízový 
610 2 0 |a trh práce 
610 2 0 |a ceny 
610 2 0 |a práca 
610 2 0 |a obchod medzinárodný 
100 1 |a Engliš, Karel